000
00276nam a22001097a 4500
041
_a
eng
080
_a
80
100
_a
Карамышева, Т. В.
245
_a
Изуч. иностр. языков с помощью комп..
650
_a
Teaching English
999
_c
281904
_d
281904
942
_c
BK